| 000 | 01421cam a22004454i 4500 | ||
|---|---|---|---|
| 003 | PE-LiUPU | ||
| 005 | 20250731173300.0 | ||
| 008 | 150625s1908 enk r 000 0 heb d | ||
| 035 | _a(Sirsi) a36042 | ||
| 040 |
_aPE-LiUPU _bspa _cPE-LiUPU _erda |
||
| 049 | _aPRUA | ||
| 082 | 0 | 4 |
_a220.44 _bB141908 _221 |
| 130 |
_aBiblia. _lHebreo. |
||
| 242 | 0 | 3 | _aLa Toráh, Los profetas, Los escritos |
| 245 | 1 | 0 | _a[Biblia en Hebreo]. |
| 264 | 1 |
_aLondres : _bBridewell Place, _c1908. |
|
| 300 |
_a382 páginas ; _c21 centímetros |
||
| 336 |
_atext _2rdacontent |
||
| 337 |
_aunmediated _2rdamedia |
||
| 338 |
_avolume _2rdacarrier |
||
| 505 | 0 | _aBiblia en Hebreo. | |
| 526 | _aSEG42 | ||
| 526 | _aSEG41 | ||
| 526 | _aSEG40 | ||
| 526 | _aSEG39 | ||
| 526 | _aP94 | ||
| 526 | _aP87 | ||
| 526 | _aP86 | ||
| 526 | _aP85 | ||
| 526 | _aP77 | ||
| 526 | _aP76 | ||
| 526 | _aP35 | ||
| 630 |
_aBiblia. _lHebreo. _f1908. |
||
| 910 |
_baj _cnm _d20050512 |
||
| 942 |
_2ddc _cBOOK |
||
| 949 |
_a220.44 B14 1908 _wDEWEY _c1 _i53995 _lCCODEBUL1 _mBUL _p10 _r0 _sY _tBOOK _u2015-06-25 _xTEOLOGIA _zUNKNOWN _0COMPRA _o.STAFF. Colección General |
||
| 596 | _a1 | ||
| 999 |
_a220.44 B14 1908 _wDEWEY _c44072 _i53995 _d44072 _e2019-8-8 _f2021-11-9 _g5 _lCCODEBUL1 _mBUL _n7 _p31.44 _q10 _r0 _sY _tBOOK _u2015-6-25 _xTEOLOGIA _PP35 _0COMPRA _o.STAFF. Colección Teología |
||
| 980 |
_81 _gALBERTO SANCHEZ Responsable de Automatización |
||